| 000 | 00000nam##2200000za#4500 |
| 001 | 9.571037 |
| 003 | CaOODSP |
| 005 | 20210624182529 |
| 007 | cr ||||||||||| |
| 008 | 150406|2005||||xxc|||||o f|0| 0 eng|d |
| 040 | |aCaOODSP|beng |
| 043 | |an-cn--- |
| 086 | 1 |aYC17-0/381-16E-PDF |
| 110 | 1 |aCanada. |bParliament. |bSenate. |bStanding Committee on Social Affairs, Science and Technology. |
| 245 | 12|aA proposal to establish a Canadian mental health commission : |h[electronic resource]|breport 4 / |cThe Honourable Michael J.L. Kirby, chair ; the Honourable Wilbert Joseph Keon, deputy chair. |
| 246 | 1 |iAt head of title : |aInterim Report of the Standing Senate Committee on Social Affairs, Science and Technology |
| 260 | |aOttawa - Ontario : |bSenate. |cOctober 2005. |
| 300 | |a18p.|breferences |
| 490 | 1 |aReport of the Standing Senate Committee on Social Affairs, Science and Technology|v38th Parliament, 1st Session, [16th report] |
| 590 | |a11-12-Supp|b2011-07-29 |
| 775 | 08|tProposition de création d'une Commission canadienne de la santé mentale : |w(CaOODSP)9.601680 |
| 830 | #0|aReport of the Standing Senate Committee on Social Affairs, Science and Technology ;|v38th Parliament, 1st Session, [16th report]|w(CaOODSP)9.505256 |
| 856 | 40|ahttp://publications.gc.ca|qPDF|s166 KB|uhttps://publications.gc.ca/collections/collection_2011/sen/yc17-0/YC17-0-381-16-eng.pdf|y38th Parliament, 1st Session, [16th report] |